100 teuersten Bundesliga Verkäufe - Statistiken

Allgemein
  • Dieses Quiz wurde 234 mal gespielt
  • Das Durchschnittsergebnis liegt bei 58 aus 100
Antwortstatistiken
Platz Saison Abgebender Verein Aufnehmender Verein Summe Spieler % Korrekt
2 23/24 Borussia Dortmund Real Madrid 113 Millionen Jude Bellingham
98%
1 17/18 Borussia Dortmund FC Barcelona 135 Millionen Ousmane Dembele
97%
5 21/22 Borussia Dortmund Manchester United 85 Millionen Jadon Sancho
94%
6 20/21 Bayer Leverkusen Chelsea 80 Millionen Kai Havertz
92%
3 23/24 Eintracht Frankfurt PSG 95 Millionen Randal Kolo Muani
92%
7 15/16 VFL Wolfsburg Manchester City 76 Millionen Kevin De Bruyne
90%
4 24/25 RB Lepzig Manchester City 90 Millionen Josko Gvardiol
88%
11 19/20 Eintracht Frankfurt Real Madrid 63 Millionen Luca Jovic
86%
22 22/23 Bayern München FC Barcelona 45 Millionen Robert Lewandowski
86%
18 16/17 Schalke Manchester City 52 Millionen Leroy Sane
85%
25 15/16 Schalke VFL Wolfsburg 43 Millionen Julian Draxler
81%
38 16/17 VFL Wolfsburg PSG 36 Millionen Julian Draxler
81%
12 23/24 RB Leipzig Chelsea 60 Millionen Christopher Nkunku
80%
13 22/23 Borussia Dortmund Manchester City 60 Millionen Erling Haaland
80%
20 24/25 Bayern München Manchester United 45 Millionen Matthijs de Ligt
79%
10 17/18 Borussia Dortmund Arsenal 63,5 Millionen Pierre-Emerick Aubameyang
79%
15 24/25 RB Leipzig FC Barcelona 55 Millionen Dani Olmo
78%
36 13/14 Borussia Dortmund Bayern München 37 Millionen Mario Götze
78%
81 16/17 Bayern München Borussia Dortmund 22 Millionen Mario Götze
78%
41 16/17 Borussia Dortmund Bayern München 35 Millionen Mats Hummels
77%
46 19/20 Bayern München Borussia Dortmund 30,5 Millionen Mats Hummels
77%
19 19/20 Eintracht Frankfurt West Ham 50 Millionen Sebastian Haller
76%
17 20/21 RB Leipzig Chelsea 53 Millionen Timo Werner
76%
9 18/19 Borussia Dortmund Chelsea 64 Millionen Christian Pulisic
73%
8 23/24 RB Leipzig FC Liverpool 70 Millionen Dominik Szoboszlai
73%
26 21/22 RB Leipzig Bayern München 42,5 Millionen Dayot Upamecano
71%
23 16/17 Gladbach Arsenal 45 Millionen Granit Xhaka
71%
21 23/24 Bayern München PSG 45 Millionen Lucas Hernandez
71%
53 11/12 Schalke Bayern München 30 Millionen Manuel Neuer
71%
16 23/24 Bayer Leverkusen Aston Villa 55 Millionen Moussa Diaby
71%
14 18/19 RB Leipzig FC Liverpool 60 Millionen Naby Keïta
71%
47 23/24 Bayern München Al-Nassr 30 Millionen Sadio Mane
71%
28 15/16 TSG Hoffenheim FC Liverpool 41 Millionen Roberto Firmino
69%
58 24/25 Borussia Dortmund West Ham 27 Millionen Niklas Füllkrug
68%
71 14/15 Bayern München Real Madrid 25 Millionen Toni Kroos
68%
51 16/17 VFL Wolfsburg Borussia Dortmund 30 Millionen Andre Schürrle
66%
83 13/14 Bayer Leverkusen Chelsea 22 Millionen André Schürrle
66%
50 23/24 VFL Wolfsburg Borussia Dortmund 30 Millionen Felix Nmecha
66%
54 09/10 VFB Stuttgart Bayern München 30 Millionen Mario Gomez
65%
78 24/25 VFB Stuttgart Borussia Dortmund 22,5 Millionen Waldemar Anton
64%
48 23/24 Bayern München Inter Mailand 30 Millionen Benjamin Pavard
63%
42 21/22 Bayer Leverkusen Aston Villa 32 Millionen Leon Baily
63%
52 15/16 Bayer Leverkusen Tottenham 30 Millionen Hebung-min Son
62%
59 16/17 Borussia Dortmund Manchester City 27 Millionen Ilkay Gündogan
62%
31 23/24 VFL Wolfsburg Tottenham 40 Millionen Micky van de Ven
62%
32 23/24 Bayern München FC Liverpool 40 Millionen Ryan Gravenberch
62%
55 24/25 TSG Hoffenheim Borussia Dortmund 28,5 Millionen Maximilian Beier
61%
34 18/19 Bayern München Juventus 40 Millionen Douglas Costa
60%
74 24/25 VFB Stuttgart Bayern München 23,5 Millionen Hiroki Ito
60%
66 23/24 SC Freiburg Brentford 25 Millionen Kevin Schade
59%
35 18/19 Schalke PSG 37 Millionen Thilo Kehrer
59%
85 24/25 FC Augsburg VFB Stuttgart 21 Millionen Ermedin Demirovic
58%
33 21/22 RB Leipzig FC Liverpool 40 Millionen Ibrahims Konate
58%
45 24/25 Mainz 05 Brighton 31,5 Millionen Brajan Gruda
56%
60 09/10 Werder Bremen Juventus 27 Millionen Diego
56%
24 19/20 TSG Hoffenheim Newcastle 43,5 Millionen Joelinton
56%
67 19/20 Bayer Leverkusen Borussia Dortmund 25 Millionen Julian Brandt
55%
37 10/11 VFL Wolfsburg Manchester City 37 Millionen Edin Dzeko
54%
44 19/20 TSG Hoffenheim Bayer Leverkusen 32 Millionen Kerem Demirbay
54%
80 20/21 Bayern München FC Liverpool 22 Millionen Thiago Alcantara
54%
57 22/23 Bayern München FC Bolonga 27,5 Millionen Joshua Zirkzee
53%
89 23/24 VFB Stuttgart FC Liverpool 20 Millionen Wataru Endo
52%
30 24/25 Eintracht Frankfurt PSG 40 Millionen Willian Pacho
51%
90 22/23 Borussia Dortmund Manchester City 20 Millionen Manuel Akanji
50%
99 17/18 TSG Hoffenheim Bayern München 20 Millionen Niklas Süle
50%
76 21/22 Eintracht Frankfurt RB Leipzig 23 Millionen André Silva
49%
40 21/22 Hertha BSC Atlético Madrid 35 Millionen Matheus Cunha
49%
91 22/23 SC Freiburg Borussia Dortmund 20 Millionen Nico Schlotterbeck
49%
27 16/17 Borussia Dortmund Manchester United 42 Millionen Henrikh Mkhitaryan
48%
77 19/20 Borussia Dortmund FC Villareal 23 Millionen Paco Alcacer
47%
29 22/23 TSG Hoffenheim Leeds United 40,5 Millionen Georginio Rutter
46%
39 24/25 RB Leipzig Al-Nassr 35 Millionen Mohamed Simakan
46%
56 18/19 Mainz 05 Borussia Dortmund 28 Millionen Abdou Diallo
43%
94 19/20 Bayern München OSC Lille 20 Millionen Renato Sanches
43%
63 23/24 TSG Hoffenheim RB Leipzig 25,5 Millionen Christoph Baumgartner
42%
49 23/24 Eintracht Frankfurt Neapel 30 Millionen Jesper Lindstrøm
42%
65 19/20 TSG Hoffenheim Borussia Dortmund 25,5 Millionen Nico Schulz
42%
87 22/23 Union Berlin Nottingham Forest 20,5 Millionen Taiwo Awoniyi
42%
97 18/19 Borussia Dortmund West Ham 20 Millionen Andriy Yarmolenko
40%
93 19/20 Borussia Dortmund Benfica Lissabon 20 Millionen Julian Weigl
40%
61 22/23 TSG Hoffenheim RB Leipzig 26 Millionen David Raum
39%
73 21/22 VFB Stuttgart AC Florenz 24,5 Millionen Nico González
39%
64 19/20 Gladbach Borussia Dortmund 25,5 Millionen Thorgan Hazard
39%
69 18/19 Bayer Leverkusen Arsenal 25 Millionen Bernd Leno
37%
88 23/24 VFB Stuttgart West Ham 20 Millionen Konstantinos Mavropanos
36%
72 07/08 Bayern München Manchester United 25 Millionen Owen Hargreaves
35%
43 19/20 Borussia Dortmund PSG 32 Millionen Abdou Diallo
34%
84 18/19 SC Freiburg Leicester City 21,1 Millionen Çaglar Söyüncü
34%
62 15/16 FC Augsburg Chelsea 26 Millionen Abdul Rahman Baba
33%
70 18/19 Gladbach Southampton 25 Millionen Jannis Vestergaard
33%
100 17/18 Bayer Leverkusen RB Leipzig 20 Millionen Kevin Kampl
33%
96 18/19 Werder Bremen Borussia Dortmund 20 Millionen Thomas Delaney
33%
75 17/18 Bayer Leverkusen AC Mailand 23,3 Millionen Hakan Calhanoglu
32%
82 14/15 Bayern München Atlético Madrid 22 Millionen Mario Mandzukic
32%
98 18/19 Bayer Leverkusen AS Monaco 20 Millionen Benjamin Henrichs
29%
68 19/20 Mainz 05 Everton 25 Millionen Jean-Philippe Gbamin
28%
92 21/22 Hertha BSC FK Krasnodar 20 Millionen Jhon Córdoba
27%
95 19/20 Borussia Dortmund Dynamo Kiew 20 Millionen Maximilian Philipp
25%
79 19/20 Hertha BSC Inter Mailand 22,4 Millionen Valentino Lazaro
25%
86 20/21 RB Leipzig Leeds United 21 Millionen Jean-Kevin Augustin
19%
Keine übereinstimmenden Quizze gefunden
Verteilung der Resultate
Anzahl Personen mit jedem Resultat
Perzentil nach korrekt beantworteten Fragen
Ihre Resultats-Entwicklung
Sie haben dieses Quiz noch nicht gespielt